Statistics for Sexual Orientations Quiz

Click here to take the quiz!

General Stats

  • This quiz has been taken 363 times
    (141 since last reset)
  • The average score is 6 of 8

Answer Stats

Hint Answer % Correct
Someone who is attracted towards two gendersBisexual
99%
Someone who feel sexually attracted towards the same sex.Homosexual
99%
Someone who feel sexually attracted to the opposite sex.Heterosexual
96%
Someone with a lack of sexual attraction towards othersAsexual
92%
Someone who is sexually attracted to all gendersPansexual
88%
Someone who does not feel sexual attraction unless they have a strong emotional attractionDemisexual
34%
Used as a term for those who do not identify as heterosexual or any sexuality specificallyQueer
30%
Someone who is attracted to multiple genders, but not all.Polysexual
26%

Score Distribution

Percentile by Number Answered

Percent of People with Each Score

Your Score History

You have not taken this quiz since the last reset